000 01272 a2200205 4500
003 Nust
005 20221210125142.0
010 _a 00007476
020 _a8178083736
040 _cNust
082 0 0 _a621.382,SKL
100 1 _aSklar, Bernard,
245 1 0 _aDigital communications :
_bfundamentals and applications /
_cBernard Sklar.
250 _a2nd ed.
260 _aUpper Saddle River, N.J. :
_bPrentice-Hall PTR,
_cc2001.
300 _axxiv, 1079 p. :
_bill. ;
_c25 cm. +
_e1 computer optical disc (4 3/4 in.)
505 _aSignals and Spectra (Page-1), Formatting and Baseband Modulation (Page-55), Baseband Demodulation/Detection (Page-104), BandPass Modulation and Demodulation/Detection (Page-167), Communications Link Analysis (Page-242), Channel Coding Part-I (Page-304), Channel Coding: Part-II (Page 381), Channel Coding: Part-III (Page-436), Modeling and Coding Trade Offs (Page-520), Synchronization (Page-598), Multiplexing and Multiple Access (Page-656), Spread Spectrum Techniques (Page-718), Source Coding (Page-803), Encryption and decryption (Page-890), Fading Channels (Page-944), A Review of Fourier Techniques (Page-1012), Fundamentals of Statistical Decision Theory (Page-1035).
650 0 _aTelecommunication Engineering
942 _2ddc
_cBK
999 _c182884
_d182884